A carregar...

Courts legislatures media freedom /

Detalhes bibliográficos
Autor principal: Nariman, Fali S.
Formato: Printed Book
Publicado em: India : National book trust, 2006.
Assuntos:
LEADER 00507nam a22001457a 4500
020 |a 8123746814 
082 |a 342.5488  |b NAR.C 
100 |a Nariman, Fali S. 
245 |a Courts legislatures media freedom /  |c by Fali S Nariman and et.al. 
260 |a India :  |b National book trust,  |c 2006. 
300 |a 190 p. 
650 |a legislature 
942 |c BK 
999 |c 314249  |d 314249 
952 |0 0  |1 0  |4 0  |6 342_548800000000000_NAR_C  |7 0  |8 NFIC  |9 336043  |a POL  |b POL  |c GEN  |d 2020-11-25  |l 0  |o 342.5488 NAR.C  |p POL17680  |r 2020-11-25  |w 2020-11-25  |y BK